Miasta bałkańskie - quiz na mapie - Statystyki

Ogólne statystyki
  • Ten quiz został rozwiązany 156 razy
  • Średni wynik to 16 z 20
Odpowiedzi na mapie
Odpowiedzi zakodowano w zielono-czerwonej skali na mapie do tego quizu, zgodnie z poniższymi procentami.
 
Statystyki odpowiedzi
Odpowiedź % Poprawnych
Lublana
95%
Zagrzeb
95%
Stambuł
93%
Ateny
92%
Belgrad
92%
Tirana
91%
Skopje
90%
Saloniki
89%
Sarajewo
89%
Prisztina
88%
Sofia
88%
Podgorica
87%
Bukareszt
86%
Nowy Sad
80%
Warna
76%
Konstanca
67%
Kluż-Napoka
62%
Jassy
59%
Płowdiw
55%
Timișoara
55%
Nie znaleziono quizów pasujących do podanych kryteriów
Rozkład punktacji
Procent ludzi z każdym wynikiem
Percentyl według liczby udzielonych odpowiedzi
Twoja historia wyników
Nie rozwiązałeś tego quizu